| 000 | 04813cam a2200493 a 4500 | ||
|---|---|---|---|
| 001 | firstanthology3000silv | ||
| 003 | CaSfIA | ||
| 005 | 20210118083423.0 | ||
| 007 | cr|||| | ||
| 008 | 930728s1993 nyua 000 0 eng d | ||
| 010 | _a 93085356 | ||
| 040 |
_aCTo _cJTV _dDLC _dBTCTA _dCOF _dYDXCP _dTOH _dHIL _dHALAN _dCaSfIA |
||
| 020 | _a0940322013 | ||
| 020 | _a9780940322011 | ||
| 035 | _a(OCoLC)28950365 | ||
| 042 | _alccopycat | ||
| 050 | 0 | 0 |
_aAC5 _b.F45 1993 |
| 050 | 1 | 4 |
_aPN6142 _b.F57 1993 |
| 082 | 0 | 0 |
_a814/.5408 _220 |
| 245 | 0 | 4 |
_aThe first anthology : _h[electronic resource] _b30 years of the New York review of books / _cedited by Robert B. Silvers, Barbara Epstein, and Rea S. Hederman ; [illustrations by David Levine]. |
| 260 |
_aNew York : _bNew York Review of Books, _cc1993. |
||
| 300 |
_a345 p. : _bill. ; _c24 cm. |
||
| 505 | 0 | _aA day at the White House / Dwight Macdonald -- After Watts / Elizabeth Hardwick -- On two poets / Robert Lowell ; "Lesbos" by Sylvia Plath -- A Buddhist poet in Vietnam / Thich Nhat Hanh -- The great amateur / Isaiah Berlin -- Reflections on violence / Hannah Arendt -- Eau de vie / Igor Stravinsky with Robert Craft -- The megrims / W.H. Auden -- Balzac at thirty / V.S. Pritchett -- On photography / Susan Sontag -- How I came to dissent / Andrei D. Sakharov -- Mahler now / Pierre Boulez -- Your show of shows / John Richardson -- An aesthete at war / Bruce Chatwin -- Nadezhda Mandelstam / Joseph Brodsky -- The rise of Andy Warhol / Robert Hughes -- In El Salvador / Joan Didion -- Joyce at 100 / Richard Ellmann -- The 'truth' of Karl Popper / Jonathan Lieberson -- The bull on the mountain / Oliver Sacks -- Girl from Berlin / Gabriele Annan -- Love of flying / Gore Vidal -- Last Christmas of the war / Primo Levi. | |
| 530 | _aAlso issued online. | ||
| 520 | _aThis is the first hard-cover anthology offered by The New York Review of Books since the first issue was published in 1963. For thirty years, The New York Review has been publishing essays by some of the world's best writers; this volume gathers together twenty-three of those essays. The articles include political commentary, such as reflections on the devastation of Vietnam, Dwight Macdonald's visit to President Johnson's 1965 White House arts festival, and Andrei. | ||
| 520 | _aSakharov's historic essay "How I Came to Dissent." Among the more personal accounts in the anthology are Gore Vidal's portrait of Amelia Earhart, a close friend of his father; Oliver Sacks's story of breaking his leg on a Norwegian mountain top, and Primo Levi's memoir of his last Christmas imprisoned at Auschwitz. Some of the essays foreshadow contemporary events: Elizabeth Hardwick's moving report on the Watts riots in Los Angeles in 1966, and Hannah Arendt's. | ||
| 520 | _a"Reflections on Violence," which examines a "century of wars and revolution," written in 1969. Others, such as Susan Sontag's "On Photography" and Joan Didion's "In El Salvador," led to books that have since become widely known. Essays on art include Robert Hughes's criticism of the vogue for Andy Warhol and John Richardson's review of the 1980 Picasso retrospective ("a retrospective to end all retrospectives"). Among essays on literature and music are Robert Lowell's on. | ||
| 520 | _aSylvia Plath, V.S. Pritchett's on Balzac, Richard Ellmann's on "Joyce at 100," Pierre Boulez's on Mahler, and Igor Stravinsky's (with Robert Craft) on Beethoven. W.H. Auden reviews Oliver Sacks's first book, Migraine, Gabriele Annan evokes the Berlin origins of Marlene Dietrich, Isaiah Berlin writes on Alexander Herzen, and Jonathan Lieberson on Karl Popper, Joseph Brodsky recalls his friendship with Nadezhda Mandelstam, and Bruce Chatwin gives a chilling portrait of the. | ||
| 520 | _anovelist Ernst Junger as a German officer in occupied Paris. | ||
| 630 | 0 | 0 | _aNew York Review book. |
| 700 | 1 | _aSilvers, Robert B. | |
| 700 | 1 |
_aEpstein, Barbara, _d1928-2006. |
|
| 700 | 1 | _aHederman, Rea S. | |
| 730 | 0 | _aNew York review of books. | |
| 776 | 0 | 8 |
_iOnline version: _tFirst anthology. _dNew York : New York Review of Books, c1993 _w(OCoLC)621657276 |
| 856 | 4 | 1 |
_uhttp://www.archive.org/details/firstanthology3000silv _zFree eBook from the Internet Archive |
| 856 | 4 | 2 |
_uhttp://www.openlibrary.org/books/OL1446401M _zAdditional information and access via Open Library |
| 029 | 1 |
_aNLGGC _b118705806 |
|
| 029 | 1 |
_aNZ1 _b3597424 |
|
| 029 | 1 |
_aAU@ _b000010464595 |
|
| 942 | _cEB | ||
| 506 | _fНеобхідна авторизація на https://archive.org/ (створення облікового запису безкоштовно) | ||
| 506 | _fНеобхідна авторизація на https://openlibrary.org/ (створення облікового запису безкоштовно) | ||
| 999 |
_c496811 _d496811 |
||